000 00446 a2200157 4500
005 20250604165645.0
020 _a0-471-31614-8
082 _aTEA LECT 620.112 BOR
100 _aBORESI, A. P.
245 _aElasticity In Engineering Mechanics
250 _a2nd Ed.
260 _aNew York,
_bJohn Wiley & Sons, Inc,
_c2000.
300 _axviii, 615p.: ill.; figure, table.
_bIndex, references.
_c25cm.
700 _aCHONG, K. P..
942 _2ddc
_cBKS
999 _c3161
_d3161